| 000 | 00414nam a2200181Ia 4500 | ||
|---|---|---|---|
| 005 | 20240823005721.0 | ||
| 008 | 240823s9999||||xx |||||||||||||| ||und|| | ||
| 041 | _aENGLISH | ||
| 082 | _A823 N4 | ||
| 100 | _a"Gibbs,Mary Ann" | ||
| 245 | 2 | _aA Young Lady of Fashion | |
| 250 | _a1st | ||
| 260 |
_c1994 _b"Wordsworth,London" |
||
| 500 | _aLOST | ||
| 650 |
_aGeneral _bGeneral |
||
| 942 | _cBK | ||
| 999 |
_c156524 _d156524 |
||